| 000 | 00593nam a2200265Ia 4500 | ||
|---|---|---|---|
| 008 | 161027s9999||||xx |||||||||||||| ||und|| | ||
| 040 | _cSanskrit | ||
| 082 | _aV | ||
| 082 | _bBORI-53684 | ||
| 245 | _aShri Haribhaktivilas | ||
| 250 | _bSecond Part | ||
| 260 | _aMathura | ||
| 260 | _bShri Haridas | ||
| 260 | _c1985 | ||
| 300 | _a260PP | ||
| 300 | _cC | ||
| 300 | _eHardbound | ||
| 530 | _u00002793.jpeg | ||
| 563 | _aText | ||
| 630 | _aShri Haribhaktivilas | ||
| 650 | _aDharmashastra | ||
| 650 | _aDharmashastra | ||
| 730 | _aShri Haribhaktivilas | ||
| 942 | _cBOOK | ||
| 999 |
_c1401936 _d1401933 |
||